00253nam a2200097Ia 4500008004100000041001200041100002000053245007000073260000600143650000600149221030s9999 xx 000 0 und d aEnglish aT. Vishwanathan 0aTelecommunication Switching System & Networkscby T. Vishwanathan c0 aB